UM Logo

How to audit the process-based QMS / (Record no. 13818)

MARC details
000 -LEADER
fixed length control field 00715nam a22001937a 4500
008 - FIXED-LENGTH DATA ELEMENTS--GENERAL INFORMATION
fixed length control field 190422b ||||| |||| 00| 0 eng d
082 ## - DEWEY DECIMAL CLASSIFICATION NUMBER
Edition number 2013
Classification number AV-Eb 657.458
Item number A786
100 ## - MAIN ENTRY--PERSONAL NAME
Personal name Arter, Dennis R.
9 (RLIN) 38410
245 ## - TITLE STATEMENT
Title How to audit the process-based QMS /
Statement of responsibility, etc. Dennis R. Arter, Charles A. Cianfrani, and John E. (Jack) West
250 ## - EDITION STATEMENT
Edition statement Second Edition
260 ## - PUBLICATION, DISTRIBUTION, ETC. (IMPRINT)
Name of publisher, distributor, etc. ASQ Quality Press,
Date of publication, distribution, etc. ©2013.
300 ## - PHYSICAL DESCRIPTION
Extent 209 pages;
500 ## - GENERAL NOTE
General note Includes index.
650 ## - SUBJECT ADDED ENTRY--TOPICAL TERM
Topical term or geographic name as entry element Auditing, Internal - Methodology
9 (RLIN) 38411
700 ## - ADDED ENTRY--PERSONAL NAME
Personal name Cianfrani,Charles A.
9 (RLIN) 38412
700 ## - ADDED ENTRY--PERSONAL NAME
Personal name West,John E. (Jack)
9 (RLIN) 38413
856 ## - ELECTRONIC LOCATION AND ACCESS
Link text https://ebookcentral.proquest.com/lib/uniofmindanao-ebooks/detail.action?docID=3002608
942 ## - ADDED ENTRY ELEMENTS (KOHA)
Source of classification or shelving scheme Dewey Decimal Classification
Koha item type Ebooks
Holdings
Withdrawn status Lost status Source of classification or shelving scheme Damaged status Not for loan Home library Current library Shelving location Date acquired Source of acquisition Total Checkouts Full call number Barcode Date last seen Price effective from Koha item type
    Dewey Decimal Classification     UM Digos College - LIC UM Digos College - LIC Processing Center 04/22/2019 Downloaded   AV-Eb 657.458 A786 2013 Eb181 04/22/2019 04/22/2019 Ebooks